1303 1702 1603 1721 1367 1100 1447 1258 1587 1780 1204 1368 1082 1692 1978 1761 1749 1578 1635 1631 1372 1670 1950 1066 1837 1795 1048 1194 1759 1049 1983 1016 1273 1083 1894 1911 1445 1083 1508 1931 1996 1386 1889 1175 1466 1383 1035 1179 1995 1217 1977 1153 1708 1817 1386 1562 1472 1426 1529 1007 1826 1442 1790 1170 1885 1672 1515 1283 1061 1440 1848 1830 1950 1680 1857 1472 1078 1545 1536 1653 1102 1281 1150 1841 1665 1660 1281 1832 1746 1709 1199 1285 1096 1146 1545 1052 1124 1265 1900 BCNSPRNW ULIB Ver.6.0+V

เปลี่ยนเป็นภาษาไทย

Change to English
 แสดงรายละเอียดบรรณานุกรม
  กลับหน้าหลัก

Brief Record : Get Marc (ISO 2709) : E-mail record : QR code < ปิดหน้าต่าง
LEADER : 00000nam 2200000uu 4500
001    13399112867
003     ULIB
008    110914s2554||||th 000 0 tha d
020    9786167460154
060 04 WB537^bส869ช 2554
245 00 ชะลอวัยด้วยการบริหาร /^cสุวรรณ ตั้งจิตรเจริญ
250    พิมพ์ครั้งที่ 1
260    กรุงเทพฯ :^bบีเวลล์,^c2554
300    160 หน้า :^bภาพประกอบ ;^c21 ซม
650  4 การนวด
650  4 การรักษาด้วยธรรมชาติ
650  4  กายบริหาร
945    ^p140^l0^i030499
945    ^p140^l0^i030500
995    เกษร
999 ^a ใช้งานได้ทุกระบบ
รายการนี้ยังไม่มีแท็ก
คุณยังไม่ได้ล็อกอิน คุณสามารถมีกิจกรรมร่วมกับเว็บไซต์ได้ แต่ต้องล็อกอินก่อน ::
  ล็อกอิน

รายการสื่อสารสนเทศ

ลำดับที่ ประเภท เลขเรียก/บาร์โค้ด สถานที่ สถานะ
1. วิทยาศาสตร์การแพทย์ และสุขภาพ
หนังสือสำรอง
สถานะ=หนังสือสำรอง
WB537 ส869ช 2554 ฉ.1 
  Barcode: 030499
ห้องสมุดวิทยาเขตสวรรค์ประชารักษ์
►ส่วนจัดเก็บหนังสือเก่า สปร
บนชั้น
  ขอยืม
2. วิทยาศาสตร์การแพทย์ และสุขภาพ
วิทยาศาสตร์การแพทย์ และสุขภาพ
WB537 ส869ช 2554 ฉ.2 
  Barcode: 030500
ห้องสมุดวิทยาเขตสวรรค์ประชารักษ์
►ส่วนจัดเก็บหนังสือเก่า สปร
บนชั้น
  ขอยืม

รายการใกล้เคียง
    หัวเรื่อง [การนวด]
    หัวเรื่อง [การรักษาด้วยธรรมชาติ]
    หัวเรื่อง [กายบริหาร]

BibComment


ยังไม่เคยถูกคอมเมนท์

คอมเมนท์ทรัพยากรรายการนี้
  คอมเมนท์: ชะลอวัยด้วยการบริ..


 Copyright 2026. Bcnsprnw @Library